000 00759nam a22001817a 4500
999 _c371803
_d371803
008 201127b ||||| |||| 00| 0 eng d
040 _aDE-2950
_bger
_cDE-2950
_erda
041 _ager
245 _aMassenhaftes Fischsterben durch Giftstoffe in der Oder.
_bUmweltkatastrophe. Vermutliche wurden in Polen Hunderte Liter eines Lösungsmittels in den Fluss eingeleitet. Behörden warnen vor Wasser und Fischen/
_cDietrich Schröder,
264 _c2022
653 _aFrankfurt (Oder)
653 _aFischsterben
773 _dFrankfurt (Oder) Märkisches Verlags- und Druckhaus GmbH & Co KG
_tMärkische Oderzeitung
_g33. Jahrgang (2022) Nr. 186 vom 11.08.2022, S. 1,
942 _cA